| 000 | 00714nam a2200253 a 4500 | ||
|---|---|---|---|
| 001 | BRL_1945 | ||
| 005 | 20190320211439.0 | ||
| 008 | 010915s1961----nyuo######---#000-0#eng-# | ||
| 041 | _aeng | ||
| 044 | _anyu | ||
| 050 | 4 |
_aND25 _b.T37 35 1961 |
|
| 100 | 1 |
_aLeymarie, Jean _928287 |
|
| 245 | 1 | 0 |
_aBraque _ctexto Jean Leymarie ; Translated by James Emmons. |
| 260 |
_aNew York _bSkira _c1961 |
||
| 300 |
_a133 p. _bil. _c19 cm. |
||
| 440 | 0 |
_aThe taste of our time _v35 _920301 |
|
| 500 | _aAu717 | ||
| 500 | _aIncluye índice de nombres y lugares | ||
| 504 | _aBibliografía: p. 119-123 | ||
| 600 | 1 | 4 |
_aBraque, Georges _d1882-1963 _94931 |
| 700 | 1 |
_aEmmons, James _923424 |
|
| 902 | _aGRL | ||
| 942 |
_2lcc _cB |
||
| 999 |
_c10752 _d10752 |
||